| 000 | 01264nam a2200253 i 4500 | ||
|---|---|---|---|
| 001 | 162724 | ||
| 003 | ES-MaACL | ||
| 005 | 20230906212604.0 | ||
| 008 | 011019s1889 sp |||| | spa d | ||
| 100 | 1 |
_aPulido, Ángel, _d1852-1932 _9149324 |
|
| 245 | 1 | 0 |
_aEstudios médicos / _cÁngel Pulido. |
| 260 |
_aMadrid : _b[s.n.], _c1889 ( _fImp. de Enrique Teodoro) |
||
| 300 |
_a221 p. ; _c21 cm. |
||
| 505 | 8 | _aContiene: Las grandes conquistas de la medicina, p. 1-51 ; La inmunidad en el cólera, p. 53-102 ; El hipnotismo y su empleo médico, p. 103-115 ; Higiene urbana con aplicación a Madrid, p. 117-151 ; Las oftalmías en los asilos provinciales, p. 153-184 ; De la talla hipogástrica, p. 185-221 | |
| 530 | _aDisponible en formato digital. | ||
| 650 |
_aCólera- _xPrevención. _9139264 |
||
| 650 | 0 | 4 |
_aHipnosis. _913363 |
| 650 | 4 |
_aSalubridad pública- _zMadrid. _9149892 |
|
| 650 | 4 |
_aOjos- _xEnfermedades. _9139434 |
|
| 650 | 4 |
_aUrología- _xCirugía. _9146908 |
|
| 852 |
_aES-MaACL _jT-853-F-5 _z- Enc. hol., conservando la enc. original _z- Enc. en un vol. facticio |
||
| 856 |
_uhttp://bibliotecavirtual.ranm.es/ranm/i18n/consulta/registro.cmd?id=354 _zBiblioteca Virtual de la Real Academia Nacional de Medicina |
||
| 999 |
_c162724 _d162724 |
||